000 00581nam a2200193Ia 4500
008 240729s9999 xx 000 0 und d
022 _a2164-554X
245 0 _aHuman Vaccines & Immunotherapeutics
260 _aUnited Kingdom
260 _bTaylor & Francis Group
650 _a Immunologic diseases. Allergy | Medicine
650 _a Internal medicine
650 _a Specialties of internal medicine
650 _a Therapeutics. Pharmacology
650 _aMedicine
856 _uhttps://doaj.org/toc/75262a3739c542f08e91e4015238858a
942 _2ddc
942 _cDOAJEJ
999 _c69096
_d69096
945 _a1
_bMadushi Gamage
_c1
_dMadushi Gamage